| 000 | 00984nam a2200265Ia 4500 | ||
|---|---|---|---|
| 003 | OSt | ||
| 005 | 20221005103804.0 | ||
| 006 | a|||||r|||| 00| 0 | ||
| 007 | ta | ||
| 008 | 221004b |||||||| |||| 00| 0 hin d | ||
| 020 |
_a8188933120 (hbk) _c300 |
||
| 024 | _a100676 | ||
| 037 |
_b330, 22/02/2010, Swaraj Prakashan _cTextual |
||
| 040 |
_aCRL _cCRL _bhin |
||
| 041 |
_2hin _ahin |
||
| 082 | _a4, 152P7 | ||
| 100 | _aअमरेन्द्र कुमार, संपा. | ||
| 245 | 0 |
_aपत्रकारिता _b विधाएंॅ और आयाम |
|
| 246 | _aPatrakāritā: vidhāeanॅ aur āyāma | ||
| 260 |
_aदिल्ली _bआशा बुक्स भारत _c2007 |
||
| 300 |
_a224पृ0 _ccm. |
||
| 650 | _aहिन्दी पत्रकारिता | ||
| 942 |
_h4, 152P7 _cTEXL _2cc |
||
| 999 |
_c1010917 _d1010917 |
||